Entry Nombre personal
001 - NÚMERO DE CONTROL
- campo de control: 226442
003 - IDENTIFICADOR DE NÚMERO DE CONTROL
- campo de control: SpMaBN
005 - FECHA Y HORA DE LA ÚLTIMA TRANSACCIÓN
- campo de control: 20230529093755.0
008 - ELEMENTOS DE DATO DE LONGITUD-FIJA
- campo de control de longitud fija: 290988nn azznnaabn a aaa
016 ## - NÚMERO DE CONTROL DE UNA AGENCIA BIBLIOGRÁFICA NACIONAL
- Número de control del registro: BNE19923619188
024 7# - IDENTIFICADOR DE OTROS ESTÁNDARES
- Número estándar o código: http://viaf.org/viaf/12409523/
- Fuente: viaf
024 7# - IDENTIFICADOR DE OTROS ESTÁNDARES
- Número estándar o código: https://isni.org/isni/0000000059523894
- Fuente: isni
024 7# - IDENTIFICADOR DE OTROS ESTÁNDARES
- Número estándar o código: http://www.wikidata.org/entity/Q60829733
- Fuente: wikidata
040 ## - FUENTE DE CATALOGACIÓN
- Centro catalogador/agencia de origen: SpMaBN
- Lengua de catalogación: spa
- Centro/agencia transcriptor: SpMaBN
- Normas de descripción: rdc
- Convención/Normas de encabezamiento de materia/tesauro: embne
- Centro/agencia modificador: ES-MaACL
042 ## - CÓDIGO DE AUTENTICACIÓN
- Código de autenticación: NORM20100604
046 ## - FECHAS CON CODIFICACIÓN ESPECIAL
- Fecha de nacimiento: 1925-10-12
- Fecha de la muerte: 2003-12-27
100 1# - ENCABEZAMIENTO-NOMBRE DE PERSONA
- Nombre de persona: Abella y García de Eulate, Alfonso María,
- Fechas asociadas al nombre: 1925-2003
370 ## - LUGAR ASOCIADO
- Lugar de nacimiento: España, País Vasco, Álava
- Fuente del término: embne
370 ## - LUGAR ASOCIADO
- Lugar de fallecimiento: España, País Vasco, Álava, Vitoria
- Fuente del término: embne
372 ## - CAMPO DE ACTIVIDAD
- Campo de actividad: Historia local
- Fuente del término: embne
374 ## - OCUPACIÓN
- Ocupación: Abogados
- Ocupación: Historiadores
- Fuente del término: embne
375 ## - GÉNERO/SEXO
- Género: Masculino
377 ## - IDIOMA ASOCIADO
- Término de lengua/lenguaje: Español
- Término de lengua/lenguaje: Vasco
400 1# - TRAZADO DE VÉASE--NOMBRE DE PERSONA
- Nombre de persona: Abella García de Eulate, Alfonso María,
- Fechas asociadas al nombre: 1925-2003
400 1# - TRAZADO DE VÉASE--NOMBRE DE PERSONA
- Nombre de persona: Abella, Alfonso
- Fechas asociadas al nombre: 1925-2003
670 ## - FUENTE DE DATOS ENCONTRADOS
- Cita de la fuente: Por Álava a Compostela en las rutas de Europa, 1992
- Información encontrada: port. (Alfonso Mª Abella y García de Eulate)
670 ## - FUENTE DE DATOS ENCONTRADOS
- Cita de la fuente: Álava en sus manos, 1983;
- Información encontrada: port. (Alfonso Abella)
670 ## - FUENTE DE DATOS ENCONTRADOS
- Cita de la fuente: WWW Auñamendi Eusko Entziklopedia, 4-6-2010;
- Información encontrada: (Alfonso Abella García de Eulate; n. 1925 en Álava, m. 2003; abogado e historiador)
670 ## - FUENTE DE DATOS ENCONTRADOS
- Cita de la fuente: WWW AUBI, 29-8-2018;
- Información encontrada: (Abogado e historiador alavés nacido el 12 de octubre de 1925. Murió en Vitoria el 27 de diciembre de 2003, a los 78 años)
- Identificador Uniforme de Recursos: http://www.katalogoak.euskadi.eus/cgi-bin_q81a/aubi/O9360/IDfc 2c5fae/NT5
670 ## - FUENTE DE DATOS ENCONTRADOS
- Cita de la fuente: WWW Bn España aut., 29-5-2023
- Información encontrada: (Abella y García de Eulate, Alfonso María, 1925-2003)
856 4# - LOCALIZACIÓN Y ACCESO ELECTRÓNICOS
- Identificador Uniforme de Recursos: http://dialnet.unirioja.es/servlet/autor?codigo=1744683
955 ## - CATALOGADOR - EDICIÓN
- Nombre del catalogador: Julia Mas Vieira
